Statistics for The Full Marvel Cinematic Universe (MCU) Character Quiz

Click here to take the quiz!

General Stats

  • This quiz has been taken 3,880 times
    (179 since last reset)
  • The average score is 62 of 168

Answer Stats

First AppearanceActor(s)SpeciesAffiliation(s)StatusDescriptionAnswer% Correct
Iron ManRobert Downey Jr.Human MaleStark Industries, Avengers.DeceasedGenius billionaire who creates suits of armor.Tony Stark (Iron Man)
100%
The Incredible Hulk/The AvengersEdward Norton/Mark RuffaloHuman Male/Gamma Monster MaleAvengers.AliveBrilliant scientist who was exposed to mass amounts of gamma radiation.Bruce Banner (The Hulk)
100%
ThorChris HemsworthHuman Male/Norse MaleAsgardians, Avengers.AlivePrince of Asgard, son of Odin.Thor
100%
Iron Man 2Scarlet JohanssonHuman FemaleS.H.I.E.L.D, Avengers.DeceasedS.H.I.E.L.D operative with questionable training.Natasha Romanoff (Black Widow)
98%
Captain America: The First AvengerChris EvansHuman MaleU.S Army, Avengers.InactiveSoldier from WWII, frozen in ice for 70 years.Steve Rogers (Captain America)
98%
ThorJeremy RennerHuman MaleS.H.I.E.L.D, Avengers.AliveS.H.I.E.L.D operative with archery experience.Clint Barton (Hawkeye)
97%
Captain America: The First AvengerSebastian StanHuman MaleHydra, Avengers.AliveSoldier from WWII who was found and corrupted by Hydra.Bucky Barnes (Winter Soldier)
96%
Captain America: The Winter SoldierAnthony MackieHuman MaleU.S Air Force, Avengers.AliveU.S Air Force veteran with wing suit.Sam Wilson (Falcon)
95%
Captain America: Civil WarChadwick BosemanHuman MaleWakanda, Avengers.AlivePrince of Wakanda.T'Challa (Black Panther)
95%
Captain America: Civil WarTom HollandHuman MaleAvengers.AliveGained powers from a radioactive spider.Peter Parker (Spider-Man)
94%
*Captain America: The Winter SolderElizabeth OlsenMutated Human FemaleUltron, Avengers.AliveSokovian who gained her powers of hexes from the mind stone.Wanda Maximoff (Scarlet Witch)
94%
Avengers: Age of UltronPaul BettanyAndroid MaleAvengers.DeceasedSynthezoid who was derived from J.A.R.V.I.S.Vision
94%
Doctor StrangeBenedict CumberbatchHuman MaleMasters of the Mystic Arts.AliveSurgeon turned Sorcerer Supreme who can use all kinds of magic.Stephen Strange (Doctor Strange)
94%
Guardians of the GalaxyVin DieselFlora colossus MaleGuardians of the Galaxy.AliveTree-like creature who can only say his name, member of the Guardians.Groot
93%
Captain MarvelBrie LarsonHuman/Kree FemaleU.S Airforce, Kree Starforce, AvengersAliveAirforce pilot who gained superhuman powers through a light-speed engine explosion.Carol Danvers (Captain Marvel)
93%
*Iron ManSamuel L. JacksonHuman MaleS.H.I.E.L.D.AliveDirector of S.H.I.E.L.D.Nick Fury
92%
Guardians of the GalaxyChris PrattHuman MaleGuardians of the Galaxy.AliveSpace outlaw who leads the Guardians of the Galaxy.Peter Quill (Star-Lord)
92%
Ant-ManEvangeline LillyHuman FemalePym Tech.AliveDaughter of the founder of Pym Tech who can shrink, grow, and fly.Hope Van Dyne (The Wasp)
92%
Ant-ManPaul RuddHuman MalePym Tech, Avengers.AliveEx-convict who stole a Pym Tech suit, uses it to shrink and grow at will.Scott Lang (Ant-Man)
92%
Guardians of the GalaxyZoe SaldanaZehoberei FemaleThanos, Guardians of the Galaxy.DeceasedThe most dangerous woman in the galaxy, daughter of Thanos, member of the Guardians.Gamora
91%
Guardians of the GalaxyBradley CooperHalfworlder MaleGuardians of the Galaxy.AliveTechnician and wise-cracking member of the Guardians.Rocket Raccoon
91%
Guardians of the GalaxyDave BautistaUnknown MaleGuardians of the Galaxy.AliveFierce warrior of the Guardians.Drax the Destroyer
89%
Iron Man/ Iron Man 2Terence Howard/Don CheadleHuman MaleU.S Miltary, Avengers.AliveU.S Military veteran with modified Iron Man suit.James "Rhodey" Rhodes (War Machine)
89%
Iron ManGwenyth PaltrowHuman FemaleStark Industries.AliveCEO of Stark Industries, wife of #1.Pepper Potts
87%
*Captain America: the Winter SoldierAaron Taylor-JohnsonMutated Human MaleUltron, Avengers.DeceasedBrother of ^ with superhuman speed.Pietro Maximoff (Quicksilver)
87%
Guardians of the GalaxyKaren GillanLuphomoid Cyborg FemaleThanos, Guardians of the Galaxy.AliveDaughter of Thanos, past enemy of the Guardians.Nebula
86%
Ant-Man/Ant-Man & the WaspHayley Lovett/Michelle PfeifferHuman FemalePym Tech.AliveWife to previous, lived in the quantam realm for years.Janet Van Dyne
84%
ThorTom HiddlestonHuman Male/Norse Male/Frost Giant MaleJotunheim, Asgard, himselfDeceasedAdopted son of Odin who constantly betrays the Avengers.Loki
83%
Captain America: The First AvengerHayley AtwellHuman FemaleU.S Army, S.H.I.E.L.D.DeceasedCo-founder of S.H.I.E.L.D, love interest of #2.Peggy Carter
82%
Guardians of the Galaxy Vol. 2Pom KlementieffUnknown FemaleEgo, Guardians of the Galaxy.AliveEmpath who can force emotions, member of the Guardians.Mantis
82%
ThorAnthony HopkinsNorse MaleAsgard.DeceasedKing of Asgard.Odin
77%
Iron Man/Iron Man 2/Captain America: The First AvengerGerard Sanders/John Slattery/Dominic CooperHuman MaleS.H.I.E.L.D, Stark Industries.DeceasedFather of #1, founder of Stark Industries.Howard Stark
76%
Iron ManJon FavreauHuman MaleStark Industries.AliveStark Industries Head of Security.Harold "Happy" Hogan
75%
*The Avengers/*Avengers: Age of UltronDamion Poiter/Josh BrolinEternal MaleHimselfDeceasedIntergalactic warlord who believes that he must balance the universe by eliminating half of all life.Thanos
71%
Avengers: Age of UltronJames SpaderAndroid MaleHimself.DeceasedA creation of Tony Stark and Bruce Banner who wants to rid the world of humanity so robots can take over.Ultron
70%
Ant-ManMichael DouglasHuman MalePym Tech.AliveOwner of Pym Tech, creator of Pym Particles.Hank Pym
68%
Captain America: The First Avenger/Avengers: Infinity WarHugo Weaving/Ross MarquandHuman MaleHYDRA.AliveHydra super soldier with a scarred face who seeks out the Tesseract, eventually becomes guardian of the Soul Stone.Johann Schmidt (Red Skull)
67%
The AvengersCobie SmuldersHuman FemaleS.H.I.E.L.D.AliveS.H.I.E.L.D Agent who assists Fury.Maria Hill
66%
Doctor StrangeBenedict WongHuman MaleMasters of the Mystic Arts.AliveSorcerer who assists the Sorcerer Supreme at the New York sanctum.Wong
65%
Captain America: The Winter SoldierEmily VanCampHuman FemaleS.H.I.E.L.D.AliveUndercover S.H.I.E.L.D Agent tasked with protecting Steve Rogers.Sharon Carter (Agent 13)
65%
Iron ManClark GreggHuman MaleS.H.I.E.L.D.AliveS.H.I.E.L.D Agent who oversees the assembling of the Avengers.Phil Coulson
65%
ThorIdris ElbaNorse MaleAsgardDeceasedGuardian of the Bifrost.Heimdall
62%
Thor: RagnarokCate BlanchettNorse FemaleAsgard, Herself.DeceasedGoddess of death and firstborn of Odin who causes Ragnarok.Hela
62%
Thor: RagnarokTessa ThompsonNorse FemaleSakaar, Asgard.UnknownEx-warrior of Asgard, champion-finder on Sakaar.Valkyrie
59%
Guardians of the GalaxyMichael RookerCentuarian MaleKree Empire, Ravagers, Guardians of the Galaxy.DeceasedLeader of the Ravagers.Yondu Udonta
57%
Spider-Man: HomecomingZendayaHuman FemaleNone.AliveGirlfriend of Spider-Man.Michelle "MJ" Jones
56%
Doctor StrangeTilda SwintonHuman FemaleMasters of the Mystic ArtsDeceasedThe original Sorcerer Supreme who drew her magic from the dark dimension.The Ancient One
55%
Captain America: Civil WarDaniel BruhlHuman MaleHmself.In custodySokovia survivor who seeks to tear the Avengers apart from the inside.Helmut Zemo
55%
Guardians of the Galaxy Vol. 2Kurt RusselCelestial MaleHimselfDeceasedFather of Star-Lord who created his own planet.Ego
52%
Black PantherMichael B. JordanHuman MaleHimself.DeceasedRadicalist cousin of Black Panther who wants to share Wakanda's weapons with the world.Erik "Killmonger" Stevens/N'Jadaka
51%
Black PantherLetita WrightHuman FemaleWakanda.AliveSister of the Black Panther, tech genius of Wakanda.Shuri
50%
ThorNatale PortmanHuman FemaleCulver University.AliveScientist who studies other realms, love interest of Thor.Jane Foster
49%
WandaVisionKathryn HahnHuman FemaleUnknown.AlivePowerful Witch who infiltrates Westview to steal Wanda's powers.Agatha "Agnes" Harkness
49%
ThorKat DenningsHuman FemaleCulver University.AliveFriend of ^, hired by S.W.O.R.D to assess the Westview Anomaly.Darcy Lewis
48%
ThorRene RussoNorse FemaleAsgard.DeceasedQueen of Asgard.Frigga
48%
Spider-Man: HomecomingJacob BatalonHuman MaleNone.AliveBest friend of Spider-Man.Ned Leeds
48%
Spider-Man: Far From HomeJake GyllenhaalHuman MaleHimself.DeceasedIllusionist who uses drones and projectors to create a false superhero.Quentin Beck (Mysterio)
48%
Captain America: Civil WarMarissa TomeiHuman FemaleNone.AliveAunt of Spider-ManMay Parker
46%
Doctor StrangeBenedict CumberbatchFaltine MaleHimself.AliveRuler of the Dark Dimension who gets bargained with.Dormammu
44%
Iron Man 2Mickey RourkeHuman MaleHimself, Hammer Industries.DeceasedRussian fugitive who uses Stark technology to create electric whips.Ivan Vanko (Whiplash)
43%
Guardians of the GalaxyLee PaceKree MaleKree EmpireDeceasedKree radicalist who seeks to use the power stone to destroy Xandar.Ronan the Accuser
43%
Iron Man 2Sam RockwellHuman MaleHammer Industries.In custodyOwner of Stark Industries' direct rival, Hammer Industries.Justin Hammer
43%
Spider-Man: HomecomingMichael KeatonHuman MaleHimself.In custodyScrapper turned criminal who has created a wing suit with Chitauri tech.Adrian Toomes (Vulture)
41%
Iron ManJeff BridgesHuman MaleStark Industries, himself.DeceasedMember turned arch enemy of Stark Industries.Obadiah Stane (Iron Monger)
40%
Ant-ManCorey StollHuman MalePym Tech, himself.DeceasedRival of Pym Tech who creates his own shrinking suit.Darren Cross (Yellowjacket)
40%
Black PantherDanai GuriraHuman FemaleWakanda.AliveLeader of the Dora Milaje, the royal guard of Wakanda.Okoye
39%
ThorStellen SkarsgardHuman MaleCulver University.AliveScientist who studies the Tesseract.Dr. Erik Selvig
35%
Captain America: The First AvengerToby JonesHuman MaleHYDRA, S.H.I.E.L.D.DeceasedBrilliant scientist who uploads his consience into a computer.Arnim Zola
35%
Captain America: Civil WarJohn KaniHuman MaleWakanda.DeceasedFormer king of Wakanda.T'Chaka
35%
Ant-Man and the WaspHannah John-KamenHuman FemaleHerself.AliveDaughter of Elias Starr who is cursed with a phasing ability that she needs Pym Tech to heal.Ava Starr (Ghost)
34%
The Incredible HulkTim RothHuman Male/Gamma Monster MaleU.S Military, himself.In custodySoldier who goes through Gamma treatments to become like the Hulk.Emil Blonsky (Abomination)
34%
The Incredible HulkLiv TylerHuman FemaleNone.AliveDaughter of ^, love interest of the Hulk.Betty Ross
32%
Ant-ManMichael PenaHuman MaleHimself, X-Con Security Consultants.AliveEx-Convict and friend of Ant-ManLuis
32%
Thor: RagnarokJeff GoldblumUnknown MaleHimself.AliveRuler of Sakaar and creator of the Contest of Champions.Grandmaster
32%
*Thor: The Dark WorldBenicio Del ToroUnknown MaleHimself.UnknownEternal being who collects various items and species from across the galaxy.Taneleer Tivan (The Collector)
32%
Iron Man 3Ben KingsleyHuman MaleTen RingsIn custodyActor who portrays a terrorist under the employment of ^Trevor Slattery (The Mandarin)
32%
ThorJamie AlexanderNorse FemaleAsgard.AliveWarrior of Asgard.Lady Sif
32%
Thor: RagnarokTaika WaititiKronan MaleHimself, Asgard.AliveKronan who is trapped on Sakaar after trying to start a revolution.Korg
31%
Spider-Man: HomecomingTony RevoloriHuman MaleNone.AliveBully at Midtown High.Flash Thompson
28%
ThorColm FeoreFrost giant MaleFrost Giants.DeceasedRuler of Jotunheim, true father of ^Laufey
28%
Ant-ManAbby Ryder FortsonHuman FemaleNone.AliveDaughter of Ant-ManCassie Lang
28%
Thor: The Dark WorldChristopher EcclestonDark Elf MaleDark Elves.DeceasedLeader of the Dark Elves who seeks out the Aether.Malekith
28%
Captain America: The Winter SoldierRobert RedfordHuman MaleS.H.I.E.L.D, Hydra.DeceasedHigh ranking leader of S.H.I.E.L.D and the U.S Government who was secretly a member of Hydra.Alexander Pierce
28%
Ant-Man & the WaspRandall ParkHuman MaleFBI, S.W.O.R.DAliveFBI and S.W.O.R.D agent who assists in the Westview anomaly.Jimmy Woo
27%
Avengers: Age of UltronAndy SerkisHuman MaleHimself.DeceasedBlack market dealer who specializes in vibranium, gets his arm cut off by Ultron.Ulysses Klaue
27%
Guardians of the Galaxy Vol. 2Chris SullivanUnknownRavagers.DeceasedRavager mutineer with a ridiculous name.Taserface
27%
Doctor StrangeChiwetel EjioforHuman MaleMasters of the Mystic Arts (formerly).AliveSorcerer who decides that there are too many sorcerers.Karl Mordo
27%
The Incredible HulkWilliam HurtHuman MaleU.S Army, United Nations.AliveArmy general turned Secretary of State who enforces the Sokovia Accords.Thaddeus "Thunderbolt" Ross
27%
Captain America: Civil WarMartin FreemanHuman MaleCIA, Wakanda.AliveCIA agent who gets taken to Wakanda to be healed after he is nearly killed.Everett K. Ross
26%
Captain America: The Winter SoldierFrank GrilloHuman Male.S.H.I.E.L.D, HYDRA.DeceasedHydra infiltrator into S.H.I.E.L.D who vows revenge on Captain America, even suiciding bombing to try and kill him.Brock Rumlow (Crossbones)
26%
WandaVisionTyler HaywardHuman MaleS.W.O.R.DIn custodyActing director of S.W.O.R.D who is studying the Westview anomaly.Tyler Hayward
25%
Black PantherWinston DukeHuman MaleJabari Tribe, Wakanda.AliveLeader of the Wakandan Jabari Tribe.M'Baku (Man-Ape)
23%
Captain Marvel/WandaVisionAkira Akbar/Teyonah ParrisHuman FemaleS.W.O.R.DAliveDaughter of ^, member of S.W.O.R.D who investigated the Westview anomaly.Monica Rambeau
23%
Iron Man 3Guy PearceHuman MaleAIM, himself.DeceasedFounder and CEO of Advanced Idea Mechanics, assisted with the development of Extremis.Aldrich Killian
22%
*Captain America: The Winter SolderThomas KretschmannHuman MaleHYDRA.DeceasedHydra baron who uses Loki's scepter to experiment on the Maximoffs.Baron Wolfgang von Strucker
22%
Black PantherLupita Nyong'oHuman FemaleWakanda.AliveMember of the Wakandan War Dogs and lover of the Black Panther.Nakia
21%
Spider-Man: HomecomingBokeem WoodbineHuman Male^In custodyAssistant of ^ who uses electric gauntlets to shock people.Herman Shultz (Shocker)
20%
Doctor StrangeMads MikkelsenHuman MaleDormammu.DeceasedFollower of ^Kaecilius
19%
Captain MarvelBen MendelsohnSkrull MaleSkrullsAliveSkrull leader who poses as S.H.I.E.L.D operative Keller.Talos
18%
The Falcon and The Winter SoldierWyatt RussellHuman MaleU.S Army, U.S GovernmentAliveFormer U.S soldier who becomes the new Captain America.John Walker (U.S Agent)
18%
Spider-Man: HomecomingLaura HarrierHuman FemaleNone.AliveEx-crush of Spider-Man.Liz Toomes
18%
Captain MarvelAnnette BeningKree FemaleU.S AirforceDeceasedKree scientist who tried to save the Skrulls, but was killed by the Kree.Mar-Vell/Wendy Lawson
17%
Avengers: Age of UltronLinda CardelliniHuman FemaleClint Barton.AliveWife of HawkeyeLaura Barton
17%
Guardians of the GalaxySean GunnXandarian MaleRavagers, Guardians of the GalaxyAliveRight hand man of the Ravagers.Kraglin Obfonteri
17%
Captain MarvelLashana LynchHuman FemaleU.S Air ForceAliveU.S Air Force pilot, friend of Carol Danvers and founder of S.W.O.R.D.Maria Rambeau
16%
*Guardians of the GalaxySeth GreenDuck MaleNone.AliveDuckHoward the Duck
16%
Ant-Man & The WaspLaurence FishburneHuman MaleBerkely University, himself.AliveFormer colleague of Pym Tech, assisted in Project Goliath.Bill Foster
15%
Captain MarvelJude LawKree MaleKree StarforceAliveKree soldier who tries to control Captain Marvel's powers.Yon-Rogg
15%
ThorRay StevensonNorse MaleAsgard.DeceasedWarrior of Asgard, member of the Warriors Three.Volstagg
15%
Iron Man 3Ty SimpkinsHuman MaleNone.AliveKid who helps Iron Man when he gets stranded inHarley Keener
15%
Thor: RagnarokClancy BrownFire Demon MaleHimself.DeceasedFire demon who rules Muspelheim, causes Ragnarok.Surtur
15%
WandaVisionEvan PetersHuman MaleNone.AliveUnsuspecting citizen of Westview who poses as Pietro Maximoff.Ralph Bohner / Fietro Maximoff
14%
Ant-ManT.I.Human MaleHimself, X-Con Security ConsultantsAlive^Dave
12%
Iron ManShaun ToubHuman MaleNone.DeceasedRenowned scientist and surgeon who helps Tony Stark built the first Iron Man suit.Ho Yinsen
12%
Thor: The Dark WorldAdewale Akinnuoye-AgbajeDark Elf MaleDark Elves.DeceasedDark elf soldier who becomes one of the Kursed in order to kill the Asgardians.Algrim (Kurse)
12%
Guardians of the Galaxy Vol. 2Elizabeth DebickiSovereign FemaleSovereignAliveRuler of the Sovereign who tries to kill the Guardians for stealing Annulax batteries.Ayesha
12%
The AvengersMaximiliano HernandezHuman MaleS.H.I.E.L.D, HYDRA.DeceasedS.H.I.E.L.D/Hydra agent who tells the Avengers about Project Insight.Jasper Sitwell
12%
Avengers: Infinity WarPeter DinklageDwarf MaleNidavellirAliveDwarf who is forced to forge the Infinity Gauntlet, later helps to forge Stormbreaker.Eitri
12%
Thor: RagnarokKarl UrbanNorse MaleAsgard, Godess of Death.DeceasedJanitor turned executioner of Asgard, sacrifices himself to help the Asgardians escape from Ragnarok.Skurge the Executioner
12%
*Spider-Man: Far From HomeJ.K SimmonsHuman MaleThe Daily Bugle.AliveLead reporter of thedailybugle.net.J. Jonah Jameson
12%
Avengers: Infinity WarCarrie CoonUnknown FemaleThanosDeceasedThanos' adoptive daughter and member of the Black Order.Proxima Midnight
12%
Avengers: Infinity WarTroy Vaughan-LawlorUnknown MaleThanosDeceasedThanos' adoptive son and herald, and member of the Black Order with powers of telekenesis.Ebony Maw
12%
Captain MarvelAnnette BeningKree Artificial IntelligenceKree EmpireAliveRuler of the Kree EmpireSupreme Intelligence
11%
Avengers: Age of UltronClaudia KimHuman FemaleU-Gin Genetics.DeceasedScientist who specializes in the regeneration of living tissue, responsible for the creation of the cradle.Dr. Helen Cho
11%
Captain America: The First AvengerStanley TucciHuman MaleSSR.DeceasedGerman scientist who decides on Steve Rogers for the super soldier serum.Dr. Abraham Erskine
10%
Ant-ManDavid DastmalchianHuman MaleHimself, X-Con Security ConsultantsAlive^Kurt
10%
The Falcon and The Winter SoldierClé BennettHuman MaleU.S Army, U.S GovernmentAliveFormer U.S soldier and sidekick of ^.Lemar Hoskins (Battlestar)
8%
Spider-Man: HomecomingMichael ChernusHuman Male^AliveAssistant of ^ who repurposes the Chitauri tech into weapons.Phineas Mason (Tinkerer)
8%
Spider-Man: HomecomingMichael MandoHuman MaleHimself.AliveCriminal who fights Spider-Man on the New York ferry, talks to Vulture in prison.Mac Gargan (Scorpion)
8%
Spider-Man: HomecomingAngourie RiceHuman FemaleNone.Alive.Host of Midtown High's news report, and temporary girlfriend of ^.Betty Brant
8%
Thor/Thor: The Dark WorldJosh Dallas/Zachary LeviNorse MaleAsgard.Deceased^Fandral
8%
ThorTadanobu AsanoNorse MaleAsgard, Vanaheim.Deceased^Hogun
8%
Black PantherForrest WhittakerHuman MaleWakanda.DeceasedShaman of Wakanda.Zuri
8%
Iron Man 3Rebecca HallHuman FemaleMIT, AIMDeceasedScientist who was the mastermind behind the Extremis project.Maya Hansen
8%
Avengers: Infinity WarTerry NotaryUnknown MaleThanosDeceasedThanos' adoptive son and the strongest member of the Black Order.Cull Obsidian
7%
Ant-Man and the WaspWalton GogginsHuman MaleNone.In custodyCrime leader who tries to steal the Pym laboratory.Sonny Burch
7%
Avengers: Infinity WarMichael James ShawUnknown MaleThanosDeceasedThanos' adoptive son and member of the Black Order who uses a glaive.Corvus Glaive
7%
Guardians of the GalaxyDjimon HonsouKree MaleKree Starforce, RonanDeceasedKree operative who eventually worked with Ronan to retrieve the power stone.Korath the Pursuer
6%
Spider-Man: HomecomingDonald GloverHuman MaleHimself.AliveThug who is interrogated by Spider-Man about Chitauri weapons.Aaron Davis (Prowler?)
6%
Ant-ManJudy GreerHuman FemaleNone.AliveEx-Wife of Ant-ManMaggie Lang
6%
Captain America: The First AvengerNeal McDonoughHuman MaleU.S Army, Howling Commandos.DeceasedMember of the Howling Commandos.Timothy "Dum Dum" Dugan
6%
Black PantherAngela BassettHuman FemaleWakanda.AliveQueen of Wakanda.Ramonda
5%
Guardians of the GalaxyGlenn CloseXandarian FemaleNova CorpsUnknownLeader of the Nova Corps.Irani Rael (Nova Prime)
5%
Doctor StrangeRachel McAdamsHuman FemaleMetro-General Hospital.AliveSurgeon and close friend of Stephen Strange.Christine Palmer
5%
Ant-ManBobby CannavaleHuman MaleNone.AliveHusband of ^Jim Paxton
5%
*Captain America: The Winter SoldierHenry GoodmanHuman MaleHydra.DeceasedHydra scientist who assists ^ in his experiments.Dr. List
5%
Captain America: The First AvengerTommy Lee JonesHuman MaleU.S Army.DeceasedColonel of the U.S army who was a key factor in the creation of Captain America and S.H.I.E.L.D.Colonel Chester Phillips
5%
Iron ManFaran TahirHuman MaleThe Ten RingsDeceasedLeader of a Ten Rings terrorist cell who captures Tony Stark and ^.Raza
5%
Captain MarvelGemma ChanKree FemaleKree StarforceDeceasedKree tactical sniper and member of the Starforce.Minn-Erva
5%
Iron Man 2Garry ShandlingHuman MaleU.S Congress, HydraIn custodySenator of the U.S Congress who was a covert member of Hydra.Senator Stern
4%
Guardians of the Galaxy Vol. 2Sylvester StalloneHuman MaleRavagers.AliveSupreme leader of the Ravagers.Stakar "Starhawk" Ogord
4%
Black PantherSterling K. BrownHuman MaleWakanda, himself.DeceasedBrother of the former king of Wakanda, father of Killmonger.N'Jobu
4%
Captain MarvelSharon Blynn.Skrull FemaleSkrulls.AliveWife of ^.Soren
4%
Black PantherDaniel KaluuyaHuman MaleWakanda.AliveFormer head of security of the Wakandan Border Tribe who has a vendetta against Klaue.W'Kabi
3%
Iron Man 3William SadlerHuman MaleThe U.S.AAliveThe MCU's President of the United States.President Matthew Ellis
3%
The Incredible HulkTy BurrelHuman MaleCulver University.AlivePsychiatrist at Culver University who is the love interest of Betty Ross.Dr. Leonard Samson
3%
Iron ManPeter BillingsleyHuman MaleStark Industries, Mysterio TeamAliveScientist who has worked with Stark Industries and Quentin Beck's Mysterio team.William Ginter Riva
2%
Captain America: The Winter SoldierGeorges St-PierreHuman MaleFrench Foreign LegionIn custodyAcrobatic french pirate who hijacked the Lemurian Star.Georges Batroc
2%
Doctor StrangeBenjamin BrattHuman MaleNone.DeceasedFormer sorcerer who used magic to heal his paralysis.Jonathan Pangborn
2%
Guardians of the GalaxyJohn C. ReillyXandarian MaleNova CorpsUnknownDenarian of the Nova Corps.Rhomann Dey
2%
Captain America: The First AvengerKenneth ChoiHuman MaleU.S Army, Howling Commandos.Deceased^, asian-american.Jim Morita
2%
Captain America: The First AvengerJJ FieldHuman MaleU.S Army, Howling Commandos.Deceased^, british.James Montgomery Falsworth
2%
The AvengersAlexis DenisofUnknown MaleThanosDeceasedThanos' personal servant and leader of the Chitauri army.The Other
2%
Spider-Man: HomecomingMartin StarrHuman MaleMidtown HighAliveScience teacher at Midtown High.Roger Harrington
2%
The Incredible HulkTim Blake NelsonHuman MaleNone.AliveScientist who tries to help cure Hulk, also known as Mr. Blue.Samuel Sterns
2%
Captain America: The First AvengerBruno RicciHuman MaleU.S Army, Howling Commandos.Deceased^, french.Jacques Dernier
2%
Captain America: The First AvengerRichard ArmitageHuman MaleHYDRA.DeceasedHydra assassin who kills ^.Heinz Krueger
1%
Captain America: The First AvengerDerek LukeHuman MaleU.S Army, Howling CommandosDeceased^, african-americanGabriel Jones
1%

Score Distribution

Percentile by Number Answered

Percent of People with Each Score

Your Score History

You have not taken this quiz since the last reset